101 records - Vrai-Faux - Statistiques

Statistiques générales
  • Ce quiz a été pris 114 fois
  • Le résultat moyen est 41 sur 101
Statistiques - réponses
Question Réponse % Correct
La ville la plus peuplée du monde est Mexico FAUX
85%
Le plus vaste océan est l'Océan Pacifique VRAI
80%
La place la plus vaste du monde est la place de la Concorde à Paris FAUX
75%
Le plus vieux métro du monde est celui de Londres VRAI
75%
Le plus grand désert chaud est le Sahara VRAI
70%
En 2022, le vin le plus cher au monde est un vin du Bordelais VRAI
70%
Le plus gros animal est la baleine bleue VRAI
70%
Le plus grand musée archéologique à ciel ouvert est à Pompéi VRAI
70%
Les président de la République élu le plus jeune en France est Emmanuel Macron VRAI
70%
Le plus gros oiseau est la cigogne FAUX
65%
Le chat qui a vécu le plus longtemps est une chatte qui a passé les 38 ans VRAI
65%
Le plus vieux tournoi de tennis encore existant est celui de Wimbledon VRAI
65%
La plus grande mosquée du monde est la mosquée Masjid al-Haram à La Mecque VRAI
65%
Le musée le plus visité du monde est le Louvre à Paris VRAI
65%
Le mammifère le plus rapide est la panthère FAUX
60%
La tour Eiffel a été le plus haut monument du monde de 1889 à 1930 VRAI
60%
Le plus vieil animal terrestre connu vivant en 2022 est une tortue des Seychelles VRAI
60%
La capitale située à la plus haute altitude est La Paz en Bolivie VRAI
60%
Le plus ancien parc zoologique du monde est le zoo de Schonbrunn en Autriche VRAI
60%
La guerre la plus courte a duré 38 minutes VRAI
60%
Le pays recevant le plus de touristes au monde est l'Italie FAUX
55%
Le monument payant le plus visité au monde est la tour Eiffel VRAI
55%
La plus longue frontière du monde est entre le Canada et les Etats-Unis VRAI
55%
La doyenne de l'humanité, décédée, est française VRAI
55%
Les premiers à avoir gravi l'Everest jusqu'au sommet sont Edmund Hillary et Tenzing Norgay VRAI
55%
La plus grande mer intérieure est la mer Caspienne VRAI
55%
Le plus grand herbier du monde est détenu par le muséum national d'histoire naturelle de Paris VRAI
55%
Le plus vieux cliché sur lequel apparait un humain a été pris à Paris en 1838 VRAI
55%
La peste noire (1345-1353) aurait fait entre 75 et 200 millions de morts VRAI
55%
Le plus grand chien jamais mesuré au monde était un dogue allemand VRAI
55%
Le record du monde masculin du 100 m en athlétisme est détenu en 2022 par Usain Bolt avec un temps de 9"58 VRAI
55%
Le plus long mur construit par l'homme est le mur d'Hadrien FAUX
50%
Le plus haut minaret du monde est au Maroc à Casablanca VRAI
50%
La cavalerie française a accompli une action jamais renouvelée depuis en s'emparant de la flotte hollandaise en 1795 VRAI
50%
L'actrice française ayant reçu le plus grand nombre de Césars est Isabelle Adjani VRAI
50%
La plus grand église du monde est la basilique St Pierre de Rome VRAI
50%
En 2022, le plus haut gratte-ciel est le Burj Khalifa au Qatar FAUX
45%
La plus grosse planète du système solaire est Saturne FAUX
45%
La plus grande catastrophe minière d'Europe a eu lieu dans le Pas-de-Calais en 1906 VRAI
45%
La plus vieille photo du monde a été prise à Saint-Loup-de-Varennes vers 1826 VRAI
45%
Le plus grand champion cycliste de tous les temps avec 72 titres nationaux et internationaux est une femme. VRAI
45%
Le plus grand continent est l'Asie VRAI
45%
La température la plus haute jamais enregistrée sur terre est de 56.7°C VRAI
45%
Le plus grand lac d'eau douce est le lac Titicaca FAUX
40%
Le premier train du monde a transporté 70 passagers en 1824 au Pays-de-Galles FAUX
40%
Le pays ayant la plus grande espérance de vie est Monaco FAUX
40%
Le plus grand château du monde est le château de Versailles VRAI
40%
Le plus haut donjon d'Europe est à Vincennes VRAI
40%
La plus haute pyramide du monde est celle de Khéops VRAI
40%
Le plus grand télescope à un miroir se trouve aux Canaries VRAI
40%
Le vol spatial qui s'est le plus éloigné de la terre est en 2022, Apollo 13 VRAI
40%
Le plus long feuilleton télévisé encore en cours est américain FAUX
35%
La plus vieille émission de la télévision française est Des Chiffres et des Lettres FAUX
35%
Le premier sommet de plus de 8000 mètres gravi est le K2 FAUX
35%
Le record de la plus faible densité de population est détenu par la Russie FAUX
35%
Le plus grand stade du monde est le stade du 1er mai, en Chine FAUX
35%
En ski nautique, le champion le plus titré a remporté 12 fois les championnats du monde, 34 fois les championnats d'Europe et obtenu 25 records du monde. Il est français. VRAI
35%
Les plus anciennes peintures rupestres, découvertes en 2022, se trouvent en Dordogne VRAI
35%
Le tunnel le plus long du monde est celui du St Gohard en Suisse VRAI
35%
En 2022, le plus grand paquebot du monde se nomme l'Harmony of the seas VRAI
35%
Le poison naturel le plus puissant du monde est la ricine FAUX
30%
Le timbre de collection le plus cher du monde est noir FAUX
30%
La catastrophe maritime ayant fait le plus de victimes est le naufrage du Titanic FAUX
30%
L'étoile la plus proche du système solaire est Proxima du sagittaire FAUX
30%
En 2022, le plus grand avion civil est l'Airbus A390 FAUX
30%
L'espèce d'arbre ayant donné les plus spécimens est le baobab FAUX
30%
La pièce de théâtre jouée sans discontinuer depuis le plus longtemps est française. FAUX
30%
En 2022, le pont ayant les plus hautes piles du monde se trouve en Chine FAUX
30%
Le plus vieil enregistrement sonore du monde a été réalisé par Edison en 1877 FAUX
30%
Le record du monde féminin du 100 m en athlétisme est détenu en 2022 par Florence Griffith avec un temps de 10"58 FAUX
30%
Le plus grand dinosaure découvert est l'amphicoelias VRAI
30%
La plus grande salle de cinéma du monde est le Grand Rex à Paris VRAI
30%
Le séisme le plus violent a eu lieu au Chili en 1960 VRAI
30%
Le phare ayant la plus longue portée au monde est celui de Créac'h en France VRAI
30%
L'actrice ayant reçu le plus grand nombre d'Oscars de la meilleure actrice est Katharine Hepburn VRAI
30%
Le train sur rail le plus rapide du monde est le TGV VRAI
30%
L'élément naturel le plus rare sur terre se nomme l'astate VRAI
30%
Le jeu vidéo le plus vendu au monde est Wii sports VRAI
30%
Le pays ayant le plus grand nombre de langues officielles est l'Inde FAUX
25%
La plus grande catastrophe aérienne a fait 583 victimes en 1987 FAUX
25%
Le plus long générique de l'histoire du cinéma est celui de Ben Hur FAUX
25%
Le plus long fleuve du monde est l'Amazone FAUX
25%
En 2022, le plus grand casino du monde est le Paris à Las Vegas FAUX
25%
L'île de Ste Hélène est la plus éloignée de toute autre terre VRAI
25%
En 2022, le recordman mondial du record de gains dans un jeu télévisé est belge FAUX
20%
La plus grande île du monde est l'Australie FAUX
20%
Le tunnel sous-marin le plus long du monde est celui sous la Manche FAUX
20%
Le plus vieux commerce du monde encore en activité est en Chine FAUX
20%
La plus longue rue du monde se trouve en Chine FAUX
20%
Le plus vieux film du monde montre une locomotive entrant en gare FAUX
20%
La pièce de monnaie de collection la plus chère du monde est américaine VRAI
20%
Le compte le plus suivi sur Twitter est celui de Barack Obama VRAI
20%
La ville disposant du plus grand nombre de chambres d'hôtel est New York FAUX
15%
Le plus long escalier du monde se trouve au Tibet FAUX
15%
La plus grande gare du monde se trouve à Tokyo FAUX
15%
La plante qui pousse le plus vite est le bambou FAUX
15%
L'homme le plus grand du monde mesurait 2.62 m FAUX
15%
La plus ancienne grotte ornée du monde est celle de Lascaux FAUX
15%
La seule capitale habitée de manière ininterrompue depuis 10000 avant J.C. est Le Caire FAUX
10%
La plus ancienne banque du monde encore en activité est à Florence, en Italie FAUX
5%
La première voiture construite en série est une Ford FAUX
5%
Aucun quiz correspondant
Distribution des résultats
% des personnes avec chaque résultat
Percentile par nombre de réponses
Votre historique - résultats
Vous n’avez pas pris ce quiz